000 00498nam a2200193 a 4500
001 1770972691595
003 YourLibrary
005 20260213142432.0
008 260213s2007##################000#0#eng##
020 _a9780748625321
082 0 4 _a302.2345
_bHEN
100 1 _aHenderson, Lesley,
_eauthor.
245 1 0 _aSocial Issues in Television Fiction :
260 _c2007.
300 _a216 pages
650 0 _aPerforming Arts.
942 _cENGLISH
040 _aYourLibrary
_beng
_cYourLibrary
999 _c612375
_d612375